000 00945cam a2200253 4500
001 ABS67865
008 040601n2004 000 0 eng u
035 _a(Sirsi) u126356
100 _aGretton, G.
245 _aWaste paper?
260 _c2004
490 _aJournal of the Law Society of Scotland
_v49(5) May 2004, 54-57(4)
520 _aInvestigates attitudes in Scotland towards the introduction of automated registration of title to land. Looks at existing conveyancing procedures and examines what legislative changes would be required to implement a paperless electronic communications system such as an Electronic Communications Act 2000 s8 order.
590 _aABS
590 _aABS
650 _aSCOTLAND
650 _aLAND REGISTRATION
650 _aELECTRONIC COMMUNICATIONS ACT 2000 S8
690 _aPROPERTY AND LAND LAW
700 _aRennie, R.
700 _aPaisley, R.
700 _aBrymer, S.
942 _n0
999 _c117435
_d117435